000 01136nam a22003257a 4500
003 CHAP
005 20220329140254.0
008 971013s1972 r 00010 d
010 _a49545
011 _a50517
035 _a54667
040 _cCHAP
090 _aTesis
100 0 0 _aTorres Barrientos, B. Indalecio.
_9114045
245 _aComportamiento reproductivo de varios grupos raciales de ganado lechero en el trópico húmedo
260 _aTurrialba, C.R. :
_bEl autor,
_c1972
300 _a52 h.
502 _aTesis (Maestro en Ciencias) -- IICA. Centro Tropical de Enseñanza e Investigación. Depto. de Ganadería Tropical
590 _aALEPH
_b10
_c20130110
_lUCH01
_h1322
590 _aBATCH-UPD
_b10
_c20130110
_lUCH01
_h1312
590 _aBATCH-UPD
_b10
_c20130410
_lUCH01
_h0825
590 _aBATCH-UPD
_b10
_c20130914
_lUCH01
_h1516
590 _aCONVERSION
_b10
_c20130109
_lUCH01
_h1327
650 1 4 _aGanado lechero
_xRazas.
_945292
650 1 4 _aGanado lechero
_xReproducción.
_945294
650 1 4 _aGanado lechero
_xTrópicos.
_945303
901 _aBK
942 _cTESIS
949 _bBC
_cTES
_d-120479
_eTS1
_i54667
_si
999 _c49545
_d49545